LEADER 00924nam0-22002771i-450- 001 990000148260403321 035 $a000014826 035 $aFED01000014826 035 $a(Aleph)000014826FED01 035 $a000014826 100 $a20011111d--------km-y0itay50------ba 101 0 $aita 105 $ay-------001yy 200 1 $aAl Consiglio Superiore della pubblica istruzione$esunto del discorso pronunciato alla inaugurazione della sessioneautunnale (26 ottobre 1908)$fLuigi Rava. 210 $aRoma$cTipografia operaia romana cooperativa$d1908 215 $a11 p.$d27 cm 702 1$aRava,$bLuigi 710 02$aItalia.$bMinistero della pubblica istruzione$0354240 801 0$aIT$bUNINA$gRICA$2UNIMARC 901 $aBK 912 $a990000148260403321 952 $a13 MISC 402 20$b10756$fFINBC 959 $aFINBC 996 $aAl Consiglio Superiore della pubblica istruzione$9120768 997 $aUNINA DB $aING01 LEADER 00838nam2-22003131i-450- 001 990000226340403321 035 $a000022634 035 $aFED01000022634 035 $a(Aleph)000022634FED01 035 $a000022634 100 $a20011111d--------km-y0itay50------ba 101 0 $aita 105 $ay-------001yy 200 1 $a2. : 167 p., 8 tav. : ill. 205 $a3. ed. 210 $aNapoli$cPresso Borel e Bompard$d1840- 215 $av.$d23 cm 461 0$1001000011239$12001$aElementi di topografia e geodesia teoretica e pratica 610 0 $aTopografia 610 0 $aGeodesia 676 $a526 700 1$aVinci,$bGaspare$f<1780-1855> 801 0$aIT$bUNINA$gRICA$2UNIMARC 901 $aBK 912 $a990000226340403321 952 $a13 AR 21 B 37$b3835$fFINBC 959 $aFINBC 997 $aUNINA DB $aING01